Materials Used In Dentistry (Record no. 20922)

MARC details
000 -LEADER
fixed length control field 00368nam a22001577a 4500
003 - CONTROL NUMBER IDENTIFIER
control field SGT
020 ## - INTERNATIONAL STANDARD BOOK NUMBER
International Standard Book Number 9789387963818
082 ## - DEWEY DECIMAL CLASSIFICATION NUMBER
Classification number 617.695
Item number M20M
100 ## - MAIN ENTRY--PERSONAL NAME
Personal name Mahalaxmi S.
245 ## - TITLE STATEMENT
Title Materials Used In Dentistry
250 ## - EDITION STATEMENT
Edition statement 2ND
260 ## - PUBLICATION, DISTRIBUTION, ETC. (IMPRINT)
Place of publication, distribution, etc NEW DELHI
Name of publisher, distributor, etc Wolter Kluwer Publisher
Year of Publication 2020
300 ## - PAGE DESCRIPTION
No. of Pages 1-936
650 ## - SUBJECT ADDED ENTRY--TOPICAL TERM
Topical term or geographic name as entry element Dental Materials
942 ## - ADDED ENTRY ELEMENTS (KOHA)
Source of classification or shelving scheme Dewey Decimal Classification
Koha item type Books
942 ## - ADDED ENTRY ELEMENTS (KOHA)
-- 8
Holdings
Withdrawn status Lost status Source of classification or shelving scheme Damaged status Not for loan Home library Current library Shelving location Date acquired Vendor Name Cost, normal purchase price SGTU Bill Number Total Checkouts Full call number Accession No. (Barcode) Date last seen Date last borrowed Bill Date Koha item type
    Dewey Decimal Classification     SGT Dental Library SGT Dental Library Text Book 06/03/2021 AHUJA BOOK COMPANY 1699.00 SGTU 12616 2 617.695 M20M FD8343 27/01/2025 16/01/2025 27/01/2021 Books
    Dewey Decimal Classification     SGT Dental Library SGT Dental Library Text Book 06/03/2021 AHUJA BOOK COMPANY 1699.00 SGTU 12616 4 617.695 M20M FD8344 22/11/2024 22/11/2024 27/01/2021 Books
    Dewey Decimal Classification     SGT Dental Library SGT Dental Library Text Book 06/03/2021 AHUJA BOOK COMPANY 1699.00 SGTU 12616 2 617.695 M20M FD8345 04/11/2024 04/11/2024 27/01/2021 Books